000 00321nam a2200145Ia 4500
003 OSt
008 191201s2008 xx 000 0 und d
082 _a658.848
_bSRI
100 _aSRINIVASAN, R
245 0 _aInternational Marketing
260 _aN. Delhi
_bPHI
_c2008
300 _a231
650 _aBBA
942 _2ddc
_cBK
999 _c6570
_d6570